Statistiken für Länder der Welt - 3 Minuten-Sprint

Klicken Sie hier um das Quiz zu spielen!

Allgemein

  • Dieses Quiz wurde 293 mal gespielt
  • Das Durchschnittsergebnis liegt bei 68 aus 196

Antwortstatistiken

Land% Korrekt
Deutschland
85%
Kanada
79%
China
77%
Spanien
77%
Russland
73%
Frankreich
72%
Finnland
69%
Norwegen
68%
Schweden
68%
Andorra
67%
Italien
66%
Japan
66%
Mexiko
66%
Belgien
65%
Brasilien
65%
Island
65%
Polen
65%
Estland
63%
Australien
61%
Irland
61%
Lettland
61%
Portugal
61%
Dänemark
60%
Chile
59%
Schweiz
58%
Vereinigte Staaten
57%
Litauen
56%
Argentinien
55%
Indien
54%
Niederlande
54%
Österreich
54%
Peru
54%
Iran
53%
Irak
52%
San Marino
52%
Albanien
51%
Vatikanstadt
51%
Monaco
50%
Mali
49%
Bolivien
46%
Israel
46%
Malta
46%
Neuseeland
46%
Tschechien
46%
Togo
45%
Nordkorea
44%
Südkorea
44%
Liechtenstein
43%
Slowenien
43%
Türkei
43%
Demokratische Republik Kongo
42%
Kroatien
42%
Republik Kongo
42%
Serbien
42%
Ukraine
42%
Niger
41%
Paraguay
41%
Südafrika
41%
Algerien
40%
Griechenland
40%
Slowakei
40%
Tonga
40%
Bahrain
39%
Benin
39%
Kosovo
39%
Luxemburg
39%
Nigeria
39%
Sudan
39%
Vereinigte Arabische Emirate
39%
Zypern
39%
Mongolei
38%
Indonesien
37%
Nauru
37%
Tunesien
37%
Ungarn
37%
Afghanistan
36%
Ägypten
36%
Fidschi
36%
Ghana
36%
Tuvalu
36%
Uruguay
36%
Laos
35%
Pakistan
35%
Palau
35%
Südsudan
35%
Syrien
35%
Bulgarien
34%
Ecuador
34%
Thailand
34%
Jemen
33%
Katar
33%
Kuba
33%
Rumänien
33%
Samoa
33%
Tschad
33%
Belize
32%
Bhutan
32%
Gambia
32%
Guyana
32%
Haiti
32%
Kenia
32%
Kolumbien
32%
Marokko
32%
Oman
32%
St Lucia
32%
Venezuela
32%
Brunei
31%
Panama
31%
Kuwait
30%
Libyen
30%
Nepal
30%
Vietnam
30%
Burundi
29%
Montenegro
29%
Taiwan
29%
Vereinigtes Königreich
29%
Weißrussland
29%
Angola
28%
Armenien
28%
Lesotho
28%
St Vincent und die Grenadinen
28%
Gabun
27%
Malawi
27%
Mazedonien
27%
Sambia
27%
St Kitts und Nevis
27%
Suriname
27%
Jordanien
26%
Kasachstan
26%
Mauretanien
26%
Vanuatu
26%
Costa Rica
25%
Guinea
25%
Honduras
25%
Moldawien
25%
Saudi-Arabien
25%
Senegal
25%
Antigua und Barbuda
24%
Guatemala
24%
Bahamas
23%
Georgien
23%
Namibia
23%
Ruanda
23%
Singapur
23%
Sri Lanka
23%
Dominica
22%
Eritrea
22%
Libanon
22%
Birma
21%
Jamaika
21%
Äthiopien
20%
Barbados
20%
Botswana
20%
Kambodscha
20%
Kamerun
20%
Kiribati
20%
Nicaragua
20%
Somalia
20%
Tansania
20%
Uganda
20%
Bangladesch
19%
Grenada
19%
Dschibuti
18%
El Salvador
18%
Guinea-Bissau
18%
Komoren
18%
Madagaskar
18%
Osttimor
18%
Salomonen
18%
Trinidad und Tobago
18%
Bosnien und Herzegowina
17%
Aserbaidschan
16%
Malaysia
16%
Mauritius
16%
Malediven
15%
Seychellen
15%
Simbabwe
15%
Turkmenistan
15%
Usbekistan
15%
Swasiland
14%
Föderierte Staaten von Mikronesien
13%
Kirgisistan
13%
Liberia
13%
Marshallinseln
13%
Mosambik
13%
Tadschikistan
13%
Côte d'Ivoire
12%
Dominikanische Republik
11%
Papua-Neuguinea
11%
Philippinen
11%
São Tomé und Príncipe
11%
Burkina Faso
10%
Cabo Verde
8%
Sierra Leone
8%
Äquatorial-Guinea
6%
Zentralafrikanische Republik
4%

Verteilung der Resultate

Perzentil nach korrekt beantworteten Fragen

Anzahl Personen mit jedem Resultat

Ihre Resultats-Entwicklung

Sie haben dieses Quiz noch nicht gespielt